00347nam a2200145Ia 4500008004100000082002100041100001400062245002100076260002700097365000700124600001400131630002100145700001400166730002100180110201s9999 xx 000 0 und d bB10786aBAL 2471 aThumb Tom aWell Loved Tales bTiny - Tot Publication b30 aThumb Tom aWell Loved Tales aThumb Tom aWell Loved Tales